100 Biggest Cities of New Zealand on a Map - Statistics

General Stats
  • This quiz has been taken 55 times
  • The average score is 40 of 100
Answers on the Map
Answers color-coded by a green-red scale on the quiz's map according to % correct below.
 
Answer Stats
Population City % Correct
1,440,300 Auckland
96%
377,900 Christchurch
96%
212,000 Wellington
96%
102,400 Dunedin
88%
179,900 Hamilton
81%
49,800 Invercargill
65%
111,500 Lower Hutt
65%
50,800 Nelson
65%
15,800 Queenstown
65%
57,900 Rotorua
65%
44,800 Upper Hutt
65%
50,400 Hastings
62%
66,800 Napier
62%
58,500 New Plymouth
62%
158,300 Tauranga
62%
29,000 Blenheim
58%
37,700 Gisborne
58%
8,320 Greymouth
58%
81,200 Palmerston North
58%
54,900 Whangārei
58%
13,900 Oamaru
54%
26,100 Taupō
54%
28,600 Timaru
54%
12,150 Wānaka
54%
42,600 Whanganui/Wanganui)
54%
4,800 Picton
50%
4,290 Westport
50%
20,600 Ashburton
46%
21,600 Cambridge
46%
8,220 Gore
46%
8,340 Motueka
46%
30,400 Paraparaumu/Kapiti)
46%
60,200 Porirua
46%
7,010 Cromwell
42%
5,240 Dargaville
42%
9,000 Huntly
42%
19,050 Levin
42%
22,400 Masterton
42%
8,520 Morrinsville
42%
19,700 Rangiora
42%
18,450 Richmond
42%
28,000 Rolleston
42%
6,130 Stratford
42%
16,700 Whakatāne
42%
6,090 Alexandra
38%
17,800 Feilding
38%
10,400 Hāwera
38%
9,180 Lincoln
38%
14,500 Mosgiel
38%
4,630 Paeroa
38%
13,550 Te Awamutu
38%
14,500 Tokoroa
38%
4,540 Whangamatā
38%
4,300 Balclutha
35%
5,930 Carterton
35%
5,650 Dannevirke
35%
15,100 Havelock North
35%
8,060 Kerikeri
35%
5,570 Marton
35%
27,000 Pukekohe
35%
4,660 Temuka
35%
10,250 Te Puke
35%
7,680 Thames
35%
5,820 Waihī
35%
6,420 Whitianga
35%
3,830 Inglewood
31%
4,900 Kaikohe
31%
6,340 Kaitāia
31%
8,700 Matamata
31%
5,350 Ōpōtiki
31%
5,060 Ōtaki
31%
5,060 Pōkeno
31%
4,670 Te Kūiti
31%
3,810 Tūrangi
31%
13,700 Waikanae
31%
6,610 Warkworth
31%
13,400 Kaiapoi
27%
5,530 Katikati
27%
7,760 Kawerau
27%
3,820 Raglan
27%
4,670 Te Aroha
27%
4,960 Wairoa
27%
6,760 Lake Hayes/Lake Hayes Estate)
23%
5,260 Prebbleton
23%
4,610 Putāruru
23%
60,000 Hibiscus Coast
19%
8,130 Ngāruawāhia
19%
4,840 Taumarunui
19%
4,730 Waipukurau
19%
7,310 Waitara
19%
9,720 Waiuku
19%
3,820 Pegasus
15%
7,610 Beachlands/Pine Harbour)
12%
5,180 Ngongotahā
12%
3,990 Ōmokoroa
12%
3,720 Riverhead
12%
3,900 Snells Beach
12%
5,890 Tuakau
12%
5,570 Kumeū-Huapai
8%
8,250 Waiheke West
8%
No matching quizzes found
Score Distribution
Percent of People with Each Score
Percentile by Number Answered
Your Score History
You have not taken this quiz